| 000 | 00528nam a2200169Ia 4500 | ||
|---|---|---|---|
| 003 | IN-BaIIA | ||
| 008 | 211028s9999 xx 000 0 eng d | ||
| 040 | _cIIA Library | ||
| 080 |
_a083:51 _bSCH |
||
| 100 |
_aSchorr, Richard _9916 |
||
| 245 | 0 |
_aSammlung von hilfstafeln der hamburger sternwarte in bergedorf _cRichard Schorr |
|
| 260 |
_aLucas Grafe _bHamburg-Bergedorf _c1916 |
||
| 300 | _aVaries | ||
| 650 |
_aHandbooks-Mathematics _9917 |
||
| 650 | _aNASA Thesaurus | ||
| 942 | _cBK | ||
| 999 |
_c403 _d403 |
||